书目信息 |
| 题名: |
非均相催化水介质清洁有机合成
|
|
| 作者: | 朱凤霞 , 张昉 , 李和兴 著 | |
| 分册: | ||
| 出版信息: | 北京 科学出版社 2017.06 |
|
| 页数: | 254页 | |
| 开本: | 24cm | |
| 丛书名: | 资源化学丛书 | |
| 单 册: | ||
| 中图分类: | O621.3 | |
| 科图分类: | ||
| 主题词: | 催化--应用--有机合成--研究 | |
| 电子资源: | ||
| ISBN: | 978-7-03-053483-5 | |
| 000 | 00986oam2 2200265 450 | |
| 001 | 4382 | |
| 005 | 20181011111549.57 | |
| 010 | @a978-7-03-053483-5@dCNY108.00 | |
| 100 | @a20170905d2017 em y0chiy50 ea | |
| 101 | 0 | @achi |
| 102 | @aCN@b110000 | |
| 105 | @ay z 000yy | |
| 200 | 1 | @a非均相催化水介质清洁有机合成@9fei jun xiang cui hua shui jie zhi qing jie you ji he cheng@f朱凤霞,张昉,李和兴著 |
| 210 | @a北京@c科学出版社@d2017.06 | |
| 215 | @a254页@d24cm | |
| 225 | 1 | @a资源化学丛书 |
| 330 | @a本书着重介绍非均相催化水介质清洁有机合成的前沿动态和研究重点,包括清洁有机合成的概念及基本原理,传统催化剂、金属催化剂、负载型有机金属催化剂和负载型多功能催化剂的制备及其在水介质有机合成中的应用。 | |
| 461 | 0 | @12001 @a资源化学丛书 |
| 606 | 0 | @a催化@x应用@x有机合成@x研究 |
| 690 | @aO621.3@v5 | |
| 701 | 0 | @a朱凤霞@9zhu feng xia@4著 |
| 701 | 0 | @a张昉@9zhang fang@4著 |
| 701 | 0 | @a李和兴@9li he xing@4著 |
| 801 | 0 | @aCN@b91MARC@c20170905 |
| 905 | @aMuseLib@dO621.3@e107 | |
| 非均相催化水介质清洁有机合成/朱凤霞,张昉,李和兴著.-北京:科学出版社,2017.06 |
| 254页;24cm.-(资源化学丛书) |
| ISBN 978-7-03-053483-5:CNY108.00 |
| 本书着重介绍非均相催化水介质清洁有机合成的前沿动态和研究重点,包括清洁有机合成的概念及基本原理,传统催化剂、金属催化剂、负载型有机金属催化剂和负载型多功能催化剂的制备及其在水介质有机合成中的应用。 |
| ● |
| 相关链接 |
|
|
|
|
正题名:非均相催化水介质清洁有机合成
索取号:O621.3/107
 
预约/预借
| 序号 | 登录号 | 条形码 | 馆藏地/架位号 | 状态 | 备注 |
| 1 | 1124889 | 211248899 | 第二样本阅览室/ [索取号:O621.3/107] | 在馆 | |
| 2 | 1124890 | 211248906 | 第三借阅区/ [索取号:O621.3/107] | 在馆 | |
| 3 | 1124891 | 211248915 | 第三借阅区/ [索取号:O621.3/107] | 在馆 | |
| 4 | 1124892 | 211248924 | 化学系资料室/ [索取号:O621.3/107] | 在馆 |